书目信息 |
| 题名: |
胡锦涛同志"七一"重要讲话学习读本
|
|
| 作者: | 本书编写组编 | |
| 分册: | ||
| 出版信息: | 北京中共党史出版社 中共党史出版社 2003 |
|
| 页数: | 233页 | |
| 开本: | 20cm | |
| 丛书名: | ||
| 单 册: | ||
| 中图分类: | D2-0 , D26 | |
| 科图分类: | ||
| 主题词: | 胡锦涛--著作--学习参考资料 , 中国共产党--党的建设--学习参考资料 | |
| 电子资源: | ||
| ISBN: | 7-80136-893-2 | |
| 000 | 00635nam0 2200193 450 | |
| 001 | 0753869700 | |
| 005 | 20070710100842.25 | |
| 010 | @a7-80136-893-2@dCNY15.00 | |
| 100 | @a20070705d2003 km y0chiy0120 ea | |
| 101 | 0 | @achi |
| 200 | 1 | @a胡锦涛同志"七一"重要讲话学习读本@Ahu jin tao tong zhi"qi yi"zhong yao jiang hua xue xi du ben@f本书编写组编@Fben shu bian xie zu bian |
| 210 | @a北京中共党史出版社@c中共党史出版社@d2003 | |
| 215 | @a233页@d20cm | |
| 606 | 0 | @a胡锦涛@x著作@x学习参考资料 |
| 606 | 0 | @a中国共产党@x党的建设@x学习参考资料 |
| 690 | @aD2-0@v3 | |
| 690 | @aD26@v3 | |
| 801 | 0 | @aCN@bPFT@c20070710 |
| 905 | @a10447@dD2-0@e119 | |
| 胡锦涛同志"七一"重要讲话学习读本/本书编写组编.-北京中共党史出版社:中共党史出版社,2003 |
| 233页;20cm |
| ISBN 7-80136-893-2:CNY15.00 |
| ● |
| 相关链接 |
|
|
|
|
正题名:胡锦涛同志"七一"重要讲话学习读本
索取号:D2-0/119
 
预约/预借
| 序号 | 登录号 | 条形码 | 馆藏地/架位号 | 状态 | 备注 |
| 1 | 0765123 | 207651236 | 第一样本阅览室/ [索取号:D2-0/119] | 在馆 |